000 00504nam a22001932 4500
001 0000004138
005 20170406115605.0
008 140818s xx 000 0 eng d
020 _c$
040 _aYour Holding Symbol
_cYour Holding Symbol
100 1 _aBarrows .M.
245 1 4 _aThe American experience poetry.
250 _a ed.
260 _aLondon :
_bMacmillan,
_c1974.
300 _a396 p. ;
_c cm.
504 _aglossary.
650 0 _aamerican poetry.
908 _a140818
999 _c3979
_d3979